000 00759cam a22001934a 4500
005 20250605164056.0
008 250528s ||||||||||||||||||||||||d
035 _a17475
020 _a3577106778
040 _aGR-AtMCL
_bgre
_dGR-AtMCL
_eAACR2
245 1 _aDeutsches Worterbuch
260 _bBertelsmann Lexikon Verlag,
_c1997
300 _a1420
520 _aVorwort, Hinweise zur Benutzung, Tabelle der Aussprachezeichen, Tabelle der Deklinationen, Tabelle der Konjugationen, Abkurzungen und Zeichen, Von Geographischen Namen Abgeleitete Einwohnernamen, Informationen zur Neuen Deutchen Rechtschreibung, Lexikon der Deutschen Sprachlehre, Worterverzeichnis.
700 1 _aWahrig Gerhard
_93613
942 _cBK
999 _c2885
_d2885